000 00820nas a2200253 4500
001 BR9500736
003 BR-BrBNA
005 20231205093844.0
007 ta
008 230509b bl.|||p| |||| 00| 00por d
040 _aBR-BrBNA
_bpor
_cBiblioteca Nacional de Agricultura
041 _a(Pt)
072 _aF03
100 1 _aCarneiro, J.W.P.
100 1 _aGuedes, T.A.
245 1 _aInfluencia da temperatura no desempenho germinativo de sementes de cenoura (Daucus carota L.), avaliada pela funcao de distribuicao de Weibull
650 _aSemente
650 _aCenoura
650 _aTemperatura
650 _aPoder Germinativo
773 0 _tRevista Brasileira de Sementes (Brazil)
_xISSN 0101-3122
_g(1992), v. 14(2) p. 207-213
_wBR9500736
909 _a202311
_bLúcia
_c55
_dLúcia Elande
942 _2AGRIS
_n0
_cANA
999 _c140754
_d140754